Beauty and the Beast

Bibliographic Details
Format: Book
Published: USA : Ladybird Books LTD , 1993
Series:Ladybird favourite tales
Subjects:

MARC

LEADER 00000cam a2200000 7i4500
001 0000008113
002 000008852
005 20071008.0
020 |a 0721415547 
090 0 0 |a JF   |b FAV 
245 0 0 |a Beauty and the Beast 
260 |a USA :   |b Ladybird Books LTD ,   |c 1993 
300 |a p.v :   |b ill ;   |c 17cm. 
490 0 |a Ladybird favourite tales 
650 0 0 |a Children's stories 
999 |a 052356   |b BUKU   |c PINJAMAN   |e PERPUSTAKAAN KOMUNITI CAW TAMAN MEDAN 
999 |a 052357   |b BUKU   |c PINJAMAN   |e PERPUSTAKAAN KOMUNITI PETALING JAYA 
999 |a 055542   |b BUKU   |c PINJAMAN   |e PERPUSTAKAAN KOMUNITI PETALING JAYA 
999 |a 055543   |b BUKU   |c PINJAMAN   |e PERPUSTAKAAN KOMUNITI PETALING JAYA